[Event "POL-Cup blind"]
[Site "Dzwirzyno"]
[Date "2019.09.07"]
[Round "8"]
[White "Miodonski, Miroslaw"]
[Black "Przewoznik, Emil"]
[Result "0-1"]
[WhiteElo "1469"]
[BlackElo "1752"]
[PlyCount "118"]
[EventDate "2019.09.02"]
[EventType "swiss"]
[EventRounds "9"]
[EventCountry "POL"]
[SourceTitle "EXT 2020"]
[Source "ChessBase"]
[SourceDate "2019.10.17"]
[SourceVersion "1"]
[SourceVersionDate "2019.10.17"]
[SourceQuality "1"]

1. b4 e5 2. b5 d5 3. Bb2 Nd7 4. Nf3 Bd6 5. e3 Ngf6 6. Be2 0-0 7. 0-0 c5 8. d4 cxd4 9. exd4 e4 10. Ne5 Qc7 11. Na3 Nxe5 12. dxe5 Bxe5 13. Bxe5 Qxe5 14. Qd2 Qb2 15. Qc1 Qe5 16. Re1 Bg4 17. g3 Qh5 18. Bf1 Bf3 19. Bg2 Ng4 20. h3 Ne5 21. Re3 Bxg2 22. Kxg2 Nf3 23. c3 f5 24. Qd1 f4 25. Rxf3 Qxf3+ 26. Qxf3 exf3+ 27. Kxf3 fxg3+ 28. Kxg3 Rf5 29. Nc2 Raf8 30. Rf1 Rf3+ 31. Kg2 Rxc3 32. Nd4 Rf4 33. Ne2 Rfc4 34. Nxc3 Rxc3 35. Rd1 Rc5 36. a4 Kf7 37. Kg3 Ke6 38. Kg4 Rc4+ 39. f4 Rxa4 40. h4 d4 41. Kg5 Kd6 42. h5 Rb4 43. f5 Kc5 44. h6 gxh6+ 45. Kxh6 Rb3 46. f6 Rf3 47. Kg7 h5 48. f7 Kc4 49. Rc1+ Kxb5 50. f8Q Rxf8 51. Kxf8 h4 52. Ke7 d3 53. Kd6 Kb4 54. Rb1+ Kc3 55. Rxb7 d2 56. Rc7+ Kd3 57. Ke5 d1Q 58. Rd7+ Ke2 59. Rxd1 Kxd1 0-1

[Event "POL-ch blind"]
[Site "Ustron"]
[Date "2019.03.12"]
[Round "3"]
[White "Przewoznik, Emil"]
[Black "Raczek, Stanislaw"]
[Result "0-1"]
[WhiteElo "1773"]
[BlackElo "1569"]
[PlyCount "100"]
[EventDate "2019.03.11"]
[EventType "swiss"]
[EventRounds "9"]
[EventCountry "POL"]
[SourceTitle "EXT 2020"]
[Source "ChessBase"]
[SourceDate "2019.10.17"]
[SourceVersion "1"]
[SourceVersionDate "2019.10.17"]
[SourceQuality "1"]

1. d4 d6 2. e4 Nf6 3. Bd3 g6 4. Nf3 Bg4 5. 0-0 Bg7 6. h3 Bxf3 7. Qxf3 e5 8. c3 0-0 9. Nd2 Nc6 10. d5 Ne7 11. Nc4 b6 12. Bg5 Nd7 13. Qe3 f6 14. Bh6 Nc5 15. Bxg7 Kxg7 16. Be2 f5 17. f3 f4 18. Qf2 Nd7 19. g3 fxg3 20. Qxg3 Nf6 21. Ne3 Nh5 22. Qh2 Nf4 23. Rfe1 Qd7 24. Bf1 Nh5 25. Qf2 Rf4 26. Ng2 Rf6 27. Kh2 Raf8 28. Re3 Ng8 29. a4 Nh6 30. Bb5 Qc8 31. Be2 Nf7 32. Rg1 Ng5 33. f4 Nxf4 34. Bg4 Qd8 35. Qh4 Nxg2 36. Rxg2 Rf1 37. Qg3 Qf6 38. Bf5 gxf5 39. Qxg5+ Qxg5 40. Rxg5+ Kf6 41. Rxf5+ Rxf5 42. exf5 Rg8 43. Rf3 Rg5 44. h4 Rxf5 45. Rg3 Rf2+ 46. Kh3 e4 47. b4 Rf3 48. Rxf3+ exf3 49. Kg3 Ke5 50. Kxf3 Kxd5 0-1

[Event "POL-ch blind"]
[Site "Ustron"]
[Date "2019.03.11"]
[Round "1"]
[White "Przewoznik, Emil"]
[Black "Tryjanska, Emilia"]
[Result "1/2-1/2"]
[WhiteElo "1773"]
[BlackElo "1164"]
[PlyCount "60"]
[EventDate "2019.03.11"]
[EventType "swiss"]
[EventRounds "9"]
[EventCountry "POL"]
[SourceTitle "EXT 2020"]
[Source "ChessBase"]
[SourceDate "2019.10.17"]
[SourceVersion "1"]
[SourceVersionDate "2019.10.17"]
[SourceQuality "1"]

1. Nf3 Nf6 2. c4 d5 3. cxd5 Nxd5 4. e4 Nb4 5. Qa4+ N8c6 6. a3 Nd3+ 7. Bxd3 Qxd3 8. Nc3 Bd7 9. Qd1 Bg4 10. Qe2 Qxe2+ 11. Kxe2 Nd4+ 12. Kf1 Nxf3 13. gxf3 Bxf3 14. Rg1 0-0-0 15. Rg3 Bh5 16. d3 e5 17. Rg5 Bg6 18. Ke2 f6 19. Rg3 a6 20. h4 Bc5 21. b4 Bd4 22. Bd2 Rd6 23. Rc1 Rc6 24. Ke1 f5 25. exf5 Bxf5 26. Nd5 Rxc1+ 27. Bxc1 Be6 28. Ne3 g6 29. Nc2 Bc3+ 30. Ke2 Bb3 1/2-1/2

[Event "POL-chT blind"]
[Site "Wagrowiec"]
[Date "2017.10.14"]
[Round "1.10"]
[White "Przewoznik, Emil"]
[Black "Cebula, Jozef"]
[Result "1-0"]
[WhiteElo "1772"]
[BlackElo "1722"]
[PlyCount "35"]
[EventDate "2017.10.14"]
[EventType "team-tourn"]
[EventRounds "9"]
[EventCountry "POL"]
[SourceTitle "EXT 2019"]
[Source "ChessBase"]
[SourceDate "2018.10.10"]
[SourceVersion "1"]
[SourceVersionDate "2018.10.10"]
[SourceQuality "1"]

1. d4 d5 2. c4 Nf6 3. cxd5 Nxd5 4. e4 Nf6 5. Nc3 e6 6. Nf3 Bb4 7. Bd3 Nc6 8. 0-0 0-0 9. e5 Nd5 10. Ne4 Nde7 11. a3 Ba5 12. Be3 Nf5 13. Bc2 Nxe3 14. fxe3 Ne7 15. b4 Bb6 16. Qd3 Nf5 17. g4 Nh4 18. Nf6+ 1-0

[Event "POL-chT blind Gp A"]
[Site "Mielno"]
[Date "2013.12.12"]
[Round "8.10"]
[White "Przewoznik, Emil"]
[Black "Dukaczewski, Piotr"]
[Result "0-1"]
[WhiteElo "1942"]
[BlackElo "2296"]
[PlyCount "26"]
[EventDate "2013.12.06"]
[EventType "team-tourn"]
[EventRounds "10"]
[EventCountry "POL"]
[SourceTitle "EXT 2019"]
[Source "ChessBase"]
[SourceDate "2018.10.10"]
[SourceVersion "1"]
[SourceVersionDate "2018.10.10"]
[SourceQuality "1"]

1. d4 Nf6 2. c4 e6 3. Nf3 c5 4. dxc5 Bxc5 5. e3 0-0 6. Bd3 Nc6 7. Nc3 b6 8. 0-0 Bb7 9. Nd4 Ne5 10. Bc2 Nxc4 11. Qd3 Ne5 12. Qe2 Rc8 13. e4 Bxd4 0-1

[Event "POL-chT blind Gp A"]
[Site "Mielno"]
[Date "2013.12.09"]
[Round "4.7"]
[White "Przewoznik, Emil"]
[Black "Falkowski, Dawid"]
[Result "0-1"]
[WhiteElo "1942"]
[BlackElo "2008"]
[PlyCount "61"]
[EventDate "2013.12.06"]
[EventType "team-tourn"]
[EventRounds "10"]
[EventCountry "POL"]
[SourceTitle "EXT 2019"]
[Source "ChessBase"]
[SourceDate "2018.10.10"]
[SourceVersion "1"]
[SourceVersionDate "2018.10.10"]
[SourceQuality "1"]

1. d4 Nf6 2. Nf3 e6 3. c4 c5 4. dxc5 Bxc5 5. e3 Nc6 6. a3 a5 7. Nc3 0-0 8. Bd3 d5 9. cxd5 exd5 10. 0-0 Bg4 11. h3 Bh5 12. Re1 Re8 13. g4 Bg6 14. Bxg6 hxg6 15. g5 Ne4 16. Qxd5 Qxd5 17. Nxd5 Rad8 18. Nf4 Rd7 19. Kf1 Red8 20. Ke2 a4 21. h4 Bb6 22. Rg1 Bc7 23. Rg4 Nc5 24. Bd2 Nb3 25. Rd1 Ne5 26. Nxe5 Rxd2+ 27. Rxd2 Rxd2+ 28. Kf3 Bxe5 29. Ne2 b5 30. Rb4 Rxb2 31. Re4 0-1

[Event "Krynica-ch sf blind"]
[Site "Krynica"]
[Date "2013.03.14"]
[Round "7.8"]
[White "Przewoznik, Emil"]
[Black "Sajdych, Wlodzimierz"]
[Result "1/2-1/2"]
[WhiteElo "1963"]
[BlackElo "1955"]
[PlyCount "70"]
[EventDate "2013.03.14"]
[EventType "swiss"]
[EventRounds "9"]
[EventCountry "POL"]
[SourceTitle "EXT 2023"]
[Source "ChessBase"]
[SourceDate "2022.10.05"]
[SourceVersion "1"]
[SourceVersionDate "2022.10.05"]
[SourceQuality "1"]

1. d4 d5 2. c4 e6 3. Nc3 c6 4. Nf3 Nd7 5. e3 Bd6 6. a3 f5 7. b4 Ngf6 8. Bd3 Ne4 9. Bb2 Qf6 10. cxd5 exd5 11. Rc1 0-0 12. b5 Nb6 13. a4 Nc4 14. Bxc4 dxc4 15. Rc2 Qh6 16. 0-0 Ng5 17. Ne5 Be6 18. f4 Ne4 19. Qe2 Nxc3 20. Bxc3 Bd5 21. Nxc4 Be7 22. Rb2 g5 23. Ne5 Rae8 24. Qf2 gxf4 25. exf4 Bh4 26. g3 Re7 27. Bb4 Bxg3 28. Qe3 Bxh2+ 29. Kf2 Bxf4 30. Rg1+ Rg7 31. Rxg7+ Kxg7 32. Bxf8+ Kxf8 33. Qa3+ Kg8 34. Nf3 Bd6 35. Qe3 Bg3+ 1/2-1/2

[Event "Rowy op 08"]
[Site "Rowy"]
[Date "2012.08.23"]
[Round "7"]
[White "Debowski, Stanislaw"]
[Black "Przewoznik, Emil"]
[Result "1/2-1/2"]
[WhiteElo "1741"]
[BlackElo "1957"]
[PlyCount "164"]
[EventDate "2012.08.18"]
[EventType "swiss"]
[EventRounds "9"]
[EventCountry "POL"]
[SourceTitle "EXT 2014"]
[Source "ChessBase"]
[SourceDate "2013.11.20"]
[SourceVersion "1"]
[SourceVersionDate "2013.11.20"]
[SourceQuality "1"]

1. d4 d5 2. e3 Nf6 3. Bd3 Bg4 4. Ne2 e6 5. f3 Bf5 6. Ng3 Bxd3 7. Qxd3 Nbd7 8. f4 c5 9. c3 Rc8 10. 0-0 Bd6 11. Nd2 0-0 12. Nf3 cxd4 13. exd4 Qb6 14. Ne5 Bxe5 15. fxe5 Nxe5 16. Qe2 Nc4 17. Kh1 Nd6 18. Rb1 Nfe4 19. Bf4 Nxg3+ 20. Bxg3 Ne4 21. Bf4 Qa5 22. a3 Rc6 23. Rfe1 Rfc8 24. Bd2 Qd8 25. g3 Qf6 26. Kg1 Qg6 27. Qg2 h5 28. Rxe4 Qxe4 29. Qxe4 dxe4 30. Re1 f5 31. Re2 Kf7 32. Kg2 Kf6 33. h4 Kf7 34. Bf4 a5 35. Kf2 b5 36. Re1 b4 37. axb4 axb4 38. Bd2 Rd8 39. Ra1 Rd7 40. Ra5 Rd5 41. Ra7+ Kg6 42. Ke3 e5 43. dxe5 Rd3+ 44. Ke2 Rxg3 45. Rb7 Rg2+ 46. Ke1 Rc5 47. Rb6+ Kf7 48. e6+ Ke7 49. Bg5+ Rxg5 50. hxg5 bxc3 51. bxc3 Rxc3 52. Ke2 Rg3 53. Rb7+ Kxe6 54. Rxg7 f4 55. g6 Kf6 56. Ra7 Kxg6 57. Ra5 h4 58. Re5 Re3+ 59. Kf2 h3 60. Re8 Ra3 61. Rxe4 Kf5 62. Re2 Re3 63. Ra2 Rg3 64. Ra1 Rg6 65. Kf3 Rh6 66. Ra5+ Kg6 67. Ra6+ Kg5 68. Ra5+ Kh4 69. Ra2 Rg6 70. Kxf4 Rg2 71. Ra8 Rf2+ 72. Ke3 Rf7 73. Rh8+ Kg3 74. Rg8+ Kh2 75. Ke2 Kh1 76. Rg6 h2 77. Rg8 Ra7 78. Kf3 Ra1 79. Kf2 Rg1 80. Ra8 Rg2+ 81. Kf3 Rg6 82. Ra1+ Rg1 1/2-1/2